banner koha

Identificação molecular de isolados do fitoplasma do enfezamento vermelho do milho, coletados no estado de São Paulo (Registro n. 177991)

MARC details
000 -LÍDER
campo de controle de tamanho fixo 01006nas a2200337 4500
001 - NÚMERO DE CONTROLE
campo de controle BR0401204
003 - IDENTIFICADOR DO NÚMERO DE CONTROLE
campo de controle BR-BrBNA
005 - DATA E HORÁRIO DA ÚLTIMA TRANSAÇÃO
campo de controle 20231205104416.0
007 - CAMPO FIXO DE DESCRIÇÃO FÍSICA--INFORMAÇÃO GERAL
campo de controle de tamanho fixo ta
008 - CAMPO DE DADOS FIXOS--INFORMAÇÃO GERAL
campo de controle de tamanho fixo 230509b bl.|||p| |||| 00| 00por d
040 ## - FONTE DA CATALOGAÇÃO
Instituição da catalogação original BR-BrBNA
Idioma da catalogação por
Instituição que transcreveu o registro Biblioteca Nacional de Agricultura
041 ## - CÓDIGO DE IDIOMA
Código do idioma do texto/trilha sonora ou título diferente (Pt)
072 ## - CÓDIGO DE CATEGORIA DE ASSUNTO
Código de Categoria de Assunto F60; H20
100 1# - ENTRADA PRINCIPAL--NOME PESSOAL
Nome pessoal Bianchini, L.
100 1# - ENTRADA PRINCIPAL--NOME PESSOAL
Nome pessoal Bedendo, I.P.
100 1# - ENTRADA PRINCIPAL--NOME PESSOAL
Nome pessoal Camargo, L.E.A. de
100 1# - ENTRADA PRINCIPAL--NOME PESSOAL
Nome pessoal Lopes, J.R.S.
245 1# - TÍTULO
Título Identificação molecular de isolados do fitoplasma do enfezamento vermelho do milho, coletados no estado de São Paulo
650 ## - ASSUNTO--TERMO TÓPICO
Cabeçalho tópico ou nome geográfico MILHO
650 ## - ASSUNTO--TERMO TÓPICO
Cabeçalho tópico ou nome geográfico ENFEZAMENTO
650 ## - ASSUNTO--TERMO TÓPICO
Cabeçalho tópico ou nome geográfico VÍRUS
650 ## - ASSUNTO--TERMO TÓPICO
Cabeçalho tópico ou nome geográfico DNA
650 ## - ASSUNTO--TERMO TÓPICO
Cabeçalho tópico ou nome geográfico MARCADOR MOLECULAR
650 ## - ASSUNTO--TERMO TÓPICO
Cabeçalho tópico ou nome geográfico DOENÇA DE PLANTA
650 ## - ASSUNTO--TERMO TÓPICO
Cabeçalho tópico ou nome geográfico PROTOPLASMA
650 ## - ASSUNTO--TERMO TÓPICO
Cabeçalho tópico ou nome geográfico ANÁLISE QUÍMICA
650 ## - ASSUNTO--TERMO TÓPICO
Cabeçalho tópico ou nome geográfico SÃO PAULO
773 0# - ENTRADA ANALÍTICA
Título Summa Phytopathologica (Brazil)
ISSN - International Standard Serial Number ISSN 0100-5405
Partes relacionadas (Jul-Sep 2002), v. 28(3) p. 253-259
Número de controle do registro BR0401204
909 ## -
-- 202311
-- Lúcia
-- 55
-- Lúcia Elande
942 ## - ELEMENTOS DE ENTRADA ADICIONADOS (KOHA)
Fonte da classificação ou esquema de arquivamento na estante Classificação AGRIS
Ocultar no OPAC Não
Tipo de material Koha Analítica
Exemplares
Situação do descarte Fonte da classificação ou esquema de arquivamento na estante Situação física Não pode ser emprestado Biblioteca de origem Biblioteca atual Localização na estante Enumeração do periódico / cronologia Total de empréstimos Data de último acesso Número do exemplar Tipo de material Koha Fonte de aquisição
  Classificação AGRIS   Consulta local Biblioteca Nacional de Agricultura - Binagri Biblioteca Nacional de Agricultura - Binagri   (Jul-Sep 2002), v. 28(3) p. 253-259   29/11/2023 01 Periódicos Portaria Interministerial nº 164/94

BINAGRI

Telefone: (61)3218-2567/2388/3357/2097 - binagri@agro.gov.br

Ministério da Agricultura e Pecuária , Esplanada dos Ministérios, Bloco D, Anexo B, Brasília/DF, CEP: 70.043-900